Correlation Between GDP per Capita and Vehicle Sales in the Context of COVID-19 Pandemics

Bohatstvo krajiny možno merať podľa HDP na obyvateľa. Predaj osobných a ľahkých úžitkových vozidiel má pre krajiny EÚ veľký hospodársky význam. Táto práca skúma, či existuje korelácia medzi HDP na obyvateľa a predajom áut vo vybraných krajinách strednej Európy.

Salvato in:
Dettagli Bibliografici
Autore principale: Dzuro, Matúš, 1983-
Natura: Capitolo di libro
Lingua:inglese
Soggetti:
Tags: Aggiungi Tag
Nessun Tag, puoi essere il primo ad aggiungerne!!

MARC

LEADER 00000naa$a2200000$$$4500
001 0296593
005 20251105104210.2
041 0 |a eng 
044 |a CZ 
245 1 0 |a Correlation Between GDP per Capita and Vehicle Sales in the Context of COVID-19 Pandemics  |c Matúš Dzuro 
520 |a Bohatstvo krajiny možno merať podľa HDP na obyvateľa. Predaj osobných a ľahkých úžitkových vozidiel má pre krajiny EÚ veľký hospodársky význam. Táto práca skúma, či existuje korelácia medzi HDP na obyvateľa a predajom áut vo vybraných krajinách strednej Európy. 
610 2 0 |a pandémia 
610 2 0 |a predaj 
610 2 0 |a automobily 
610 2 0 |a produkt národný hrubý 
100 1 |a Dzuro, Matúš, 1983-